Los orígenes de la posmodernidad
Saved in:
| Hovedforfatter: | |
|---|---|
| Format: | Bog |
| Sprog: | spansk |
| Udgivet: |
Barcelona
Anagrama
2000
|
| Serier: | Colección Argumentos, 240
|
| Fag: | |
| Tags: |
Tilføj Tag
Ingen Tags, Vær først til at tagge denne postø!
|
MARC
| LEADER | 00000nam a2200000 a 4500 | ||
|---|---|---|---|
| 001 | UCN5255 | ||
| 003 | CL-VaPUC | ||
| 008 | 010824e20000000SP |||||||||||||||||spa|d | ||
| 082 | 0 | 4 | |a 401 |b AND |2 21 |
| 100 | 0 | |a Anderson, Perry |e author |9 461343 | |
| 245 | 1 | 4 | |a Los orígenes de la posmodernidad |
| 300 | |a 193 p | ||
| 942 | |c BK | ||
| 945 | |d 20010824 00:00:00 |a cmena | ||
| 260 | |a Barcelona |b Anagrama |c 2000 | ||
| 650 | 0 | |a Filosofía del lenguaje |9 257082 | |
| 650 | 0 | |a Etimología |9 337976 | |
| 650 | 0 | |a Semántica |9 265318 | |
| 650 | 0 | |a Historia moderna |9 268036 | |
| 650 | 0 | |a Historia contemporánea |9 343224 | |
| 583 | |a last modification |c 20010824 00:00:00 |k Rodrigo Vera | ||
| 490 | 0 | |a Colección Argumentos, 240 | |
| 999 | |c 296909 |d 296907 | ||
| 952 | |0 0 |1 0 |4 0 |6 401_000000000000000_AND_2000 |7 0 |8 ? |9 351194 |a FDOPOS |b FDOPOS |d 2019-11-21 |i 3695352 |o 401 AND 2000 |p 3695352 |r 2019-11-21 |w 2019-11-21 |y BK |k MLA | ||